| 000 | 01014nam a2200253 i 4500 | ||
|---|---|---|---|
| 001 | 146424 | ||
| 003 | ES-MaACL | ||
| 005 | 20250629063130.0 | ||
| 007 | t| | ||
| 008 | 070910s1941 sp |||| |dspa d | ||
| 080 | _a272.146(46) | ||
| 080 | _a929 Sánchez de las Brozas, Francisco | ||
| 100 | 1 |
_aTovar, Antonio, _d1911-1985 _9111167 |
|
| 245 | 1 | 0 |
_aProcesos inquisitoriales contra Francisco Sánchez de las Brozas / _cEdición y estudio preliminar por Antonio Tovar y Miguel de la Pinta Llorrente. |
| 260 |
_aMadrid : _bInstituto Antonio de Nebrija, _c1941. |
||
| 300 |
_aLXXIV, 176 p. ; _c20 cm. |
||
| 500 | _aPrecede al tít.: Consejo Superior de Investigaciones Cientifícas. Patronato Menéndez Pelayo. | ||
| 600 | 1 | 4 |
_aSánchez de las Brozas, Francisco, _d1522-1600 _9102587 |
| 650 | 4 |
_aInquisición- _zEspaña. _913798 |
|
| 700 | 1 |
_aPinta Llorente, Miguel de la. _992201 |
|
| 710 | 2 |
_aPatronato "Marcelino Menéndez Pelayo" _96189 |
|
| 852 |
_aES-MaACL _jB-9709 |
||
| 999 |
_c146424 _d146424 |
||